Normal view
MARC view
- الكتاب السنوي -- جامعات -- الأردن
Entry Topical Term
001 - CONTROL NUMBER
- control field: 56624
003 - CONTROL NUMBER IDENTIFIER
- control field: JO-AjAnu
005 - DATE AND TIME OF LATEST TRANSACTION
- control field: 20230606083258.0
008 - FIXED-LENGTH DATA ELEMENTS
- fixed length control field: 230606|| aca||aabn | a|a d
040 ## - CATALOGING SOURCE
- Original cataloging agency: JO-AjAnu
- Transcribing agency: JO-AjAnu
150 ## - HEADING--TOPICAL TERM
- Topical term or geographic name entry element: الكتاب السنوي -- جامعات -- الأردن
670 ## - SOURCE DATA FOUND
- Source citation: Work cat.: (JO-AjAnu)28894: جامعة الطفيلة التقنية, author 56623, جامعة الطفيلة التقنية : البيارق : الكتاب السنوي